| 000 | 00621nam a2200217Ia 4500 | ||
|---|---|---|---|
| 005 | 20221103131306.0 | ||
| 008 | 131103s9999 xx 000 0 und d | ||
| 020 | _aSBN289797802 | ||
| 040 | _aLoreto College | ||
| 041 | _aEnglish | ||
| 082 |
_a131.3462 _bFRE |
||
| 100 | _aBalogh, Penelope | ||
| 245 |
_aFreud _b a biographical introduction _cPenelope Balogh |
||
| 260 |
_aLondon _bStudio Vista _c1971 |
||
| 300 | _a144p | ||
| 504 | _aIncludes bibliographical references and index | ||
| 650 | _aFreud, Sigmund,1859-1939 - Criticism and Interpretation | ||
| 651 | _aPsychology | ||
| 850 | _aLCLIB | ||
| 942 | _cBK | ||
| 999 |
_c18439 _d68918 |
||